<?xml version="1.0" encoding="UTF-8"?>
<record
    xmlns:xsi="http://www.w3.org/2001/XMLSchema-instance"
    xsi:schemaLocation="http://www.loc.gov/MARC21/slim http://www.loc.gov/standards/marcxml/schema/MARC21slim.xsd"
    xmlns="http://www.loc.gov/MARC21/slim">

  <leader>00830nam a22001337a 4500</leader>
  <datafield tag="040" ind1=" " ind2=" ">
    <subfield code="c">RUA</subfield>
  </datafield>
  <datafield tag="082" ind1=" " ind2=" ">
    <subfield code="a">VTF SAO 2011 B113 Or.1</subfield>
  </datafield>
  <datafield tag="100" ind1=" " ind2=" ">
    <subfield code="a">SAO, SETHEANY.</subfield>
  </datafield>
  <datafield tag="245" ind1=" " ind2=" ">
    <subfield code="a">Study on growth rate of CP-AVIAN broiler by using soy bean by- product in concentrate feed and CP HI-GRO feed at royal university of agriculture, &#x179F;&#x17B7;&#x1780;&#x17D2;&#x179F;&#x17B6;&#x179B;&#x17BE;&#x1780;&#x17B6;&#x179A;&#x179B;&#x17BC;&#x178F;&#x179B;&#x17B6;&#x179F;&#x17CB;&#x179A;&#x1794;&#x179F;&#x17CB;&#x1798;&#x17B6;&#x1793;&#x17CB;&#x179F;&#x17B6;&#x1785;&#x17CB;&#x1796;&#x17BC;&#x1787;CP-AVIAN &#x178A;&#x17C4;&#x1799;&#x1794;&#x17D2;&#x179A;&#x17BE;&#x1785;&#x17C6;&#x178E;&#x17B8;&#x1795;&#x17D2;&#x179F;&#x17C6;&#x178A;&#x17C2;&#x179B;&#x1798;&#x17B6;&#x1793;&#x1780;&#x17B6;&#x1780;&#x179F;&#x178E;&#x17D2;&#x178A;&#x17C2;&#x1780;&#x179F;&#x17C0;&#x1784; &#x1793;&#x17B7;&#x1784; &#x1785;&#x17C6;&#x178E;&#x17B8; CP HI-GRO &#x1793;&#x17C5;&#x179F;&#x17B6;&#x1780;&#x179B;&#x179C;&#x17B7;&#x1791;&#x17D2;&#x1799;&#x17B6;&#x179B;&#x17D0;&#x1799;&#x1797;&#x17BC;&#x1798;&#x17B7;&#x1793;&#x17D2;&#x1791;&#x1780;&#x179F;&#x17B7;&#x1780;&#x1798;&#x17D2;&#x1798;</subfield>
  </datafield>
  <datafield tag="260" ind1=" " ind2=" ">
    <subfield code="a">Phnom Penh</subfield>
    <subfield code="b">RUA</subfield>
    <subfield code="c">2011</subfield>
  </datafield>
  <datafield tag="300" ind1=" " ind2=" ">
    <subfield code="a">ix; 33p.</subfield>
    <subfield code="b">ill.</subfield>
    <subfield code="c">29cm.</subfield>
  </datafield>
  <datafield tag="856" ind1=" " ind2=" ">
    <subfield code="u">https://drive.google.com/file/d/151RdpDdzb6Y2vKBgxVUT6DMwH_pk_4W7/view?usp=sharing</subfield>
  </datafield>
  <datafield tag="942" ind1=" " ind2=" ">
    <subfield code="c">VTF`</subfield>
  </datafield>
  <datafield tag="999" ind1=" " ind2=" ">
    <subfield code="c">2742</subfield>
    <subfield code="d">2742</subfield>
  </datafield>
  <datafield tag="952" ind1=" " ind2=" ">
    <subfield code="0">0</subfield>
    <subfield code="1">0</subfield>
    <subfield code="2">ddc</subfield>
    <subfield code="4">0</subfield>
    <subfield code="6">VTF_SAO_2011_000000000000000_B113_OR_1</subfield>
    <subfield code="7">0</subfield>
    <subfield code="9">13123</subfield>
    <subfield code="a">LBB</subfield>
    <subfield code="b">LBB</subfield>
    <subfield code="c">B113</subfield>
    <subfield code="d">2015-10-26</subfield>
    <subfield code="l">2</subfield>
    <subfield code="o">VTF SAO 2011 B113 Or.1</subfield>
    <subfield code="p">RUA017965</subfield>
    <subfield code="r">2016-08-19</subfield>
    <subfield code="s">2016-08-09</subfield>
    <subfield code="w">2015-10-26</subfield>
    <subfield code="y">VTF`</subfield>
  </datafield>
  <datafield tag="952" ind1=" " ind2=" ">
    <subfield code="0">0</subfield>
    <subfield code="1">0</subfield>
    <subfield code="2">ddc</subfield>
    <subfield code="4">0</subfield>
    <subfield code="6">VTF_SAO_2011_000000000000000_B113_OR_2</subfield>
    <subfield code="7">0</subfield>
    <subfield code="9">13124</subfield>
    <subfield code="a">LBB</subfield>
    <subfield code="b">LBB</subfield>
    <subfield code="c">B113</subfield>
    <subfield code="d">2015-10-26</subfield>
    <subfield code="l">1</subfield>
    <subfield code="o">VTF SAO 2011 B113 Or.2</subfield>
    <subfield code="p">RUA017749</subfield>
    <subfield code="r">2016-10-05</subfield>
    <subfield code="s">2016-09-21</subfield>
    <subfield code="w">2015-10-26</subfield>
    <subfield code="y">VTF`</subfield>
  </datafield>
  <datafield tag="952" ind1=" " ind2=" ">
    <subfield code="0">0</subfield>
    <subfield code="1">0</subfield>
    <subfield code="2">ddc</subfield>
    <subfield code="4">0</subfield>
    <subfield code="6">VTF_SAO_2011_000000000000000_B113_OR_3</subfield>
    <subfield code="7">0</subfield>
    <subfield code="9">13125</subfield>
    <subfield code="a">LBB</subfield>
    <subfield code="b">LBB</subfield>
    <subfield code="c">B113</subfield>
    <subfield code="d">2015-10-26</subfield>
    <subfield code="o">VTF SAO 2011 B113 Or.3</subfield>
    <subfield code="p">RUA017650</subfield>
    <subfield code="r">2015-10-26</subfield>
    <subfield code="w">2015-10-26</subfield>
    <subfield code="y">VTF`</subfield>
  </datafield>
  <datafield tag="952" ind1=" " ind2=" ">
    <subfield code="0">0</subfield>
    <subfield code="1">0</subfield>
    <subfield code="2">ddc</subfield>
    <subfield code="4">0</subfield>
    <subfield code="6">VTF_SAO_2011_000000000000000_B113_OR_4</subfield>
    <subfield code="7">0</subfield>
    <subfield code="9">13126</subfield>
    <subfield code="a">LBB</subfield>
    <subfield code="b">LBB</subfield>
    <subfield code="c">B113</subfield>
    <subfield code="d">2015-10-26</subfield>
    <subfield code="l">2</subfield>
    <subfield code="o">VTF SAO 2011 B113 Or.4</subfield>
    <subfield code="p">RUA017821</subfield>
    <subfield code="r">2019-10-18</subfield>
    <subfield code="s">2019-10-14</subfield>
    <subfield code="w">2015-10-26</subfield>
    <subfield code="y">VTF`</subfield>
  </datafield>
  <datafield tag="952" ind1=" " ind2=" ">
    <subfield code="0">0</subfield>
    <subfield code="1">0</subfield>
    <subfield code="2">ddc</subfield>
    <subfield code="4">0</subfield>
    <subfield code="6">VTF_SAO_2011_000000000000000_B113_OR_5</subfield>
    <subfield code="7">0</subfield>
    <subfield code="9">13127</subfield>
    <subfield code="a">LBB</subfield>
    <subfield code="b">LBB</subfield>
    <subfield code="c">B113</subfield>
    <subfield code="d">2015-10-26</subfield>
    <subfield code="o">VTF SAO 2011 B113 Or.5</subfield>
    <subfield code="p">RUA017181</subfield>
    <subfield code="r">2015-10-26</subfield>
    <subfield code="w">2015-10-26</subfield>
    <subfield code="y">VTF`</subfield>
  </datafield>
  <datafield tag="952" ind1=" " ind2=" ">
    <subfield code="0">0</subfield>
    <subfield code="1">0</subfield>
    <subfield code="2">ddc</subfield>
    <subfield code="4">0</subfield>
    <subfield code="6">VTF_SAO_2011_000000000000000_B113_OR_6</subfield>
    <subfield code="7">0</subfield>
    <subfield code="9">37175</subfield>
    <subfield code="a">LBB</subfield>
    <subfield code="b">LBB</subfield>
    <subfield code="c">B113</subfield>
    <subfield code="d">2016-02-04</subfield>
    <subfield code="o">VTF SAO 2011 B113 Or.6</subfield>
    <subfield code="p">RUA042441</subfield>
    <subfield code="r">2016-02-04</subfield>
    <subfield code="w">2016-02-04</subfield>
    <subfield code="y">VTF`</subfield>
  </datafield>
  <datafield tag="952" ind1=" " ind2=" ">
    <subfield code="0">0</subfield>
    <subfield code="1">0</subfield>
    <subfield code="2">ddc</subfield>
    <subfield code="4">0</subfield>
    <subfield code="6">VTF_SAO_2011_000000000000000_B113_OR_7</subfield>
    <subfield code="7">0</subfield>
    <subfield code="9">37177</subfield>
    <subfield code="a">LBB</subfield>
    <subfield code="b">LBB</subfield>
    <subfield code="c">B113</subfield>
    <subfield code="d">2016-02-04</subfield>
    <subfield code="o">VTF SAO 2011 B113 Or.7</subfield>
    <subfield code="p">RUA052201</subfield>
    <subfield code="r">2016-02-04</subfield>
    <subfield code="w">2016-02-04</subfield>
    <subfield code="y">VTF`</subfield>
  </datafield>
</record>
